000 00951nam a22001937a 4500
003 OSt
005 20260302003301.0
008 260227b |||||||| |||| 00| 0 eng d
040 _aDWCL GS library
_cOC
082 _aFic. D621s 2008
100 _aDixon, Franklin W.
245 _athe hardy boys mystery stories 27
_b: the secret of skull mountain
_cFranklin W. Dixon
260 _aNew York
_bGrosset & Dunlap
_cc1948
300 _a177
_billustrations
_c19cm
520 _aIn The Hardy Boys #27: The Secret of Skull Mountain, Frank and Joe Hardy investigate the mysterious nightly disappearance of water from a new reservoir near Skull Mountain. They team up with engineers to stop the crisis, facing dangerous locals, a kidnapped scientist, and a sinister plot involving a hidden tunnel and a sabotaged dam.
546 _aEnglish
700 _aFranklin W. Dixon
942 _2ddc
_cFIC.
_hFic. D621s 2008
_n0
999 _c8581
_d8581